[Event "GER-chT U16 Girls"]
[Site "Neumuenster"]
[Date "2022.12.30"]
[Round "7"]
[White "Siegel, Irene"]
[Black "Bauer, Sophia"]
[Result "1-0"]
[WhiteElo "1253"]
[BlackElo "1153"]
[PlyCount "63"]
[EventDate "2022.12.26"]
[EventType "team-swiss"]
[EventRounds "7"]
[EventCountry "GER"]
[SourceTitle "CBM 212 Extra"]
[Source "ChessBase"]
[SourceDate "2023.03.31"]
[SourceVersion "1"]
[SourceVersionDate "2023.03.31"]
[SourceQuality "1"]
[WhiteTeam "Porz SG"]
[BlackTeam "Weisse Dame"]
[WhiteTeamCountry "GER"]
[BlackTeamCountry "GER"]

1. e4 e5 2. Nf3 Nc6 3. d4 exd4 4. Nxd4 Nf6 5. Nc3 Bb4 6. Nxc6 bxc6 7. Bd3 0-0 8. 0-0 Re8 9. Re1 d6 10. Bd2 Bg4 11. Ne2 Bxd2 12. Qxd2 Nxe4 13. Bxe4 Rxe4 14. f3 Bxf3 15. gxf3 Re5 16. Ng3 Rg5 17. Re2 h6 18. Rae1 Qf6 19. Qd3 Rf8 20. c3 h5 21. Rg2 d5 22. Ree2 h4 23. Nf1 h3 24. Rg3 Qf4 25. Kh1 Rxg3 26. hxg3 Qc1 27. Rh2 Re8 28. Rxh3 Re3 29. Qxe3 Qxf1+ 30. Kh2 g6 31. Qe8+ Kg7 32. Qh8# 1-0

[Event "GER-chT U16 Girls"]
[Site "Neumuenster"]
[Date "2022.12.29"]
[Round "6"]
[White "Bauer, Sophia"]
[Black "Popovidou, Laura"]
[Result "1-0"]
[WhiteElo "1153"]
[BlackElo "956"]
[PlyCount "123"]
[EventDate "2022.12.26"]
[EventType "team-swiss"]
[EventRounds "7"]
[EventCountry "GER"]
[SourceTitle "CBM 212 Extra"]
[Source "ChessBase"]
[SourceDate "2023.03.31"]
[SourceVersion "1"]
[SourceVersionDate "2023.03.31"]
[SourceQuality "1"]
[WhiteTeam "Weisse Dame"]
[BlackTeam "Porz SG II"]
[WhiteTeamCountry "GER"]
[BlackTeamCountry "GER"]

1. e4 e5 2. Nf3 Nc6 3. Nc3 Bb4 4. Bb5 d6 5. 0-0 Nf6 6. Re1 0-0 7. d4 exd4 8. Nxd4 Nxd4 9. Qxd4 Bc5 10. Qd1 h6 11. h3 a6 12. Bd3 Re8 13. Bf4 Bd4 14. Rb1 c6 15. e5 dxe5 16. Bxe5 Bxe5 17. Rxe5 Be6 18. Qf3 Qc7 19. Rbe1 Nd7 20. R5e2 Re7 21. Bf5 Rae8 22. Bxe6 Rxe6 23. Rxe6 Rxe6 24. Rxe6 fxe6 25. Qg4 Qe5 26. Qd1 Nf8 27. Qe2 Qf5 28. Ne4 Qd5 29. c4 Qd7 30. Nc5 Qe7 31. Qe5 Kh7 32. f4 Kg6 33. f5+ Kf7 34. fxe6+ Nxe6 35. Qf5+ Qf6 36. Qxf6+ Kxf6 37. Nxb7 Ke5 38. Na5 Nd4 39. Kf2 Ke4 40. b3 Kd3 41. h4 g6 42. g4 c5 43. Nb7 Ne6 44. Kf3 Kd4 45. Nd6 g5 46. Nf5+ Ke5 47. Kg3 h5 48. hxg5 Nxg5 49. Ne3 hxg4 50. Kxg4 Ne4 51. Kf3 Nc3 52. a3 a5 53. Nc2 Nb1 54. Ke3 Kd6 55. Kd3 Kc6 56. a4 Kb6 57. Ne3 Na3 58. Kc3 Nb1+ 59. Kc2 Na3+ 60. Kb2 Nxc4+ 61. Nxc4+ Kc6 62. Nxa5+ 1-0

[Event "GER-chT U16 Girls"]
[Site "Neumuenster"]
[Date "2022.12.27"]
[Round "1"]
[White "Wehling, Ida"]
[Black "Bauer, Sophia"]
[Result "0-1"]
[WhiteElo "1047"]
[BlackElo "1153"]
[PlyCount "92"]
[EventDate "2022.12.26"]
[EventType "team-swiss"]
[EventRounds "7"]
[EventCountry "GER"]
[SourceTitle "CBM 212 Extra"]
[Source "ChessBase"]
[SourceDate "2023.03.31"]
[SourceVersion "1"]
[SourceVersionDate "2023.03.31"]
[SourceQuality "1"]
[WhiteTeam "Raesfeld Erle"]
[BlackTeam "Weisse Dame"]
[WhiteTeamCountry "GER"]
[BlackTeamCountry "GER"]

1. e4 e5 2. Nf3 Nc6 3. Bc4 Nf6 4. Nc3 Bb4 5. d3 d5 6. exd5 Bxc3+ 7. bxc3 Nxd5 8. Bxd5 Qxd5 9. d4 e4 10. Ng5 h6 11. Nh3 Bxh3 12. gxh3 e3 13. Rf1 exf2+ 14. Rxf2 Qh1+ 15. Kd2 Qd5 16. Qe2+ Kd8 17. Rf3 Re8 18. Re3 Rxe3 19. Qxe3 Qg2+ 20. Kd3 Qxh2 21. Ba3 Qg2 22. Re1 Qg6+ 23. Kd2 Qg5 24. d5 Qxd5+ 25. Kc1 Qg5 26. Kb1 Qxe3 27. Rxe3 Kd7 28. Kb2 Re8 29. Rd3+ Ke6 30. Re3+ Ne5 31. Bc5 Kd5 32. Kb3 Kxc5 33. a4 Re6 34. h4 Nc4 35. Rxe6 fxe6 36. Ka2 g5 37. hxg5 hxg5 38. Kb1 g4 39. a5 Nxa5 40. Ka2 g3 41. Kb1 g2 42. Ka2 g1Q 43. Kb2 e5 44. Ka2 Qc1 45. c4 Qxc2+ 46. Ka3 Qb3# 0-1

[Event "GER-chT Christmas U20 Girls"]
[Site "Playchess.com INT"]
[Date "2020.12.29"]
[Round "5.4"]
[White "Hasselmann, Isabelle Sophia"]
[Black "Bauer, Sophia"]
[Result "0-1"]
[WhiteElo "1120"]
[BlackElo "1048"]
[PlyCount "48"]
[EventDate "2020.12.29"]
[EventType "team-swiss (blitz)"]
[EventRounds "7"]
[EventCountry "GER"]
[SourceTitle "CBM 200 Extra"]
[Source "ChessBase"]
[SourceDate "2021.03.31"]
[SourceVersion "1"]
[SourceVersionDate "2021.03.31"]
[SourceQuality "1"]
[WhiteTeam "Oberschoeneweide"]
[BlackTeam "Weisse Dame"]
[WhiteTeamCountry "GER"]
[BlackTeamCountry "GER"]

1. e4 e5 2. Bc4 Nf6 3. d4 exd4 4. Nf3 Nc6 5. e5 Ng4 6. Bf4 Ngxe5 7. Bxe5 Nxe5 8. Nxe5 Qe7 9. Qe2 d6 10. Nf3 Bg4 11. Qxe7+ Bxe7 12. Nxd4 0-0 13. 0-0 Rfe8 14. Re1 Bf6 15. Nc3 Bxd4 16. Rxe8+ Rxe8 17. Nd5 Bxb2 18. Rb1 Bd4 19. Nxc7 Rc8 20. Nd5 Rxc4 21. Rxb7 h6 22. Rb8+ Kh7 23. Rd8 Rxc2 24. Nb4 Rc1# 0-1